00456 2200181 4500245005000000020001800050250001100068100002100079700001900100700001800119650001700137005001900154260003100173041001400204084001300218300003400231336000900265 aElectric Daisy Vol. 4cKyousuke, MotomihText a9789792337358 aCet. 1 aKyousuke, Motomi aFebby Ismiyati aTorana Astrid aKomik Jepang a20230907095120 aJakartabPT Gramediac2009 aIndonesia a741.5592 a... jil. :bilus. ;c17,5 cm. atext